00549 2200181 4500245009800000020002200098250001100120100002200131700001700153650002100170650001000191005001900201260009800220041001400318084000800332300001800340336000900358 aMelacak Denyar Sampang b : (Catatan Perjalanan di Sampang, Madura)cAgit Yogi SubandihText a978-602-437-910-0 aCet. 1 aAgit Yogi Subandi aElvi Suzanti aSastra Indonesia aEbook a20241029140212 aJakartabBadan Pengembangan Bahasa dan Perbukuan, Kementerian Pendidikan dan Kebudayaanc2019 aIndonesia a813 ax :c146 hlm. atext